Normale Ansicht
MARC-Ansicht
Eintrag Personenname
001 - Kontrollnummer
- Kontrollfeld: 67801
003 - Kontrollnummer Identifier
- Kontrollfeld:
005 - Datum und Zeit der letzten Transaktion
- Kontrollfeld: 20251204131533.0
008 - Datenelemente mit fester Länge
- Kontrollfeld mit fester Länge: 251204|| aca||aabn | a|a d
040 ## - Katalogisierungsquelle
- Original-Katalogisierungsstelle:
- Übertragungsstelle:
100 ## - Ansetzung - Personenname
- Personenname: Neumann, Andreas (Hrsg.); Marzell, Pia (Hrsg.); Oelmayer, Lisa-Marie (Hrsg.); Breidenbach, Katharina (Hrsg.); Meinhardt, Silke (Hrsg.); M©·ohring, Maren (Hrsg.)
670 ## - Datenquelle
- Quellenangabe: Work cat.: ()73294: Neumann, Andreas (Hrsg.); Marzell, Pia (Hrsg.); Oelmayer, Lisa-Marie (Hrsg.); Breidenbach, Katharina (Hrsg.); Meinhardt, Silke (Hrsg.); M©·ohring, Maren (Hrsg.) aut, Geschlechtergeschichte bleibt?!